All Time Most Valuable Argentina Players - Statistics

General Stats
  • This quiz has been taken 65 times
  • The average score is 59 of 138
Answer Stats
Club Pos Age Player Date Value % Correct
Barcelona RW 30 Lionel Messi 12/2017 180.00
100%
Chelsea DM 22 Enzo Fernandez 03/2023 85.00
98%
Inter Milan ST 25 Lautaro Martinez 06/2023 85.00
98%
Aston Villa GK 28 Emiliano Martinez 07/2021 35.00
96%
Manchester United CB 24 Lisandro Martinez 09/2022 50.00
96%
Fiorentina CB 25 Lucas Martinez Quarta 12/2021 15.00
96%
Juventus SS 24 Paulo Dybala 06/2018 110.00
96%
River Plate AM 25 Pity Martinez 12/2018 20.00
96%
Manchester United RW 26 Angel Di Maria 10/2014 65.00
95%
Manchester City ST 23 Julian Alvarez 06/2023 60.00
95%
Manchester City ST 29 Sergio Aguero 05/2018 80.00
95%
Tottenham Hotspur CB 24 Cristian Romero 12/2022 60.00
93%
Inter Milan CM 25 Ricardo Alvarez 01/2014 16.50
93%
Juventus ST 28 Gonzalo Higuain 10/2016 75.00
89%
Manchester City CB 29 Nicolas Otamendi 01/2018 35.00
89%
Brighton & Hove Albion CM 24 Alexis Mac Allister 06/2023 65.00
85%
Barcelona DM 27 Javier Mascherano 04/2012 30.00
85%
Atletico Madrid CM 27 Rodrigo de Paul 06/2021 40.00
84%
Inter Milan ST 25 Mauro Icardi 12/2018 100.00
82%
Inter Milan DM 29 Esteban Cambiasso 08/2010 31.00
78%
Ajax LB 27 Nicolas Tagliafico 12/2019 35.00
78%
Atletico Madrid RW 27 Angel Correa 03/2022 45.00
76%
Inter Milan ST 30 Diego Milito 05/2010 28.00
76%
Real Zaragoza CB 26 Gabriel Milito 06/2007 20.00
76%
Lazio SS 25 Joaquin Correa 12/2019 38.00
76%
Manchester City SS 27 Carlos Tevez 08/2011 40.00
75%
Napoli LW 27 Ezequiel Lavezzi 06/2012 30.00
73%
Paris Saint-Germain AM 22 Javier Pastore 08/2011 30.00
73%
Paris Saint-Germain DM 24 Leandro Paredes 03/2019 40.00
73%
Manchester United LW 18 Alejandro Garnacho 03/2023 25.00
71%
Atalanta LW 29 Alejandro Gomez 10/2017 18.00
71%
Real Betis AM 23 Giovani Lo Celso 06/2019 50.00
69%
Porto CM 27 Lucho Gonzalez 09/2008 21.00
69%
Bayern Munich CB 28 Martin Demichelis 01/2009 16.00
69%
Fiorentina RW 25 Nicolas Gonzalez 06/2023 30.00
69%
Tottenham Hotspur RW 21 Erik Lamela 09/2013 30.00
67%
Inter Milan RB 31 Javier Zanetti 10/2004 11.00
67%
Atletico Madrid RB 25 Nahuel Molina 06/2023 35.00
67%
Manchester City RB 28 Pablo Zabaleta 01/2014 19.00
67%
Sporting CP LB 27 Marcos Acuna 06/2019 18.00
65%
Manchester United CB 26 Marcos Rojo 07/2016 19.00
65%
Norwich City RW 24 Emiliano Buendia 06/2021 35.00
64%
Villarreal CB 25 Gonzalo Rodriguez 07/2009 14.00
64%
Real Betis DM 28 Guido Rodriguez 11/2022 28.00
64%
Atletico Madrid LW 28 Maxi Rodriguez 01/2009 25.00
64%
Inter Milan ST 31 Hernan Crespo 06/2007 16.00
62%
Villarreal RB 24 Juan Foyth 06/2022 25.00
62%
Real Madrid CB 26 Walter Samuel 10/2004 25.00
62%
Sevilla RW 26 Lucas Ocampos 07/2020 50.00
60%
Inter Milan ST 30 Rodrigo Palacio 01/2013 12.50
60%
Lyon ST 26 Lisandro Lopez 12/2009 23.00
58%
Zenit CB 28 Ezequiel Garay 06/2015 23.00
56%
River Plate RB 24 Gonzalo Montiel 07/2021 17.00
56%
River Plate CM 21 Exequiel Palacios 12/2019 25.00
51%
Villarreal AM 27 Juan Roman Riquelme 03/2006 18.00
51%
Inter Milan CM 30 Juan Sebastian Veron 07/2005 16.00
51%
San Lorenzo AM 17 Matias Palacios 12/2019 10.00
51%
Atlanta United AM 22 Thiago Almada 08/2023 27.00
51%
Inter Milan CM 28 Ever Banega 10/2016 20.00
49%
Real Madrid DM 22 Fernando Gago 01/2009 22.00
49%
Udinese CB 22 Nehuen Perez 06/2023 10.00
49%
Valencia DM 28 Enzo Perez 01/2015 25.00
47%
Manchester United CB 27 Gabriel Heinze 10/2005 16.75
47%
Real Sociedad GK 25 Geronimo Rulli 06/2017 14.00
45%
Fiorentina ST 22 Giovanni Simeone 06/2018 25.00
42%
West Ham United AM 25 Manuel Lanzini 05/2018 20.00
42%
Benfica AM 27 Nico Gaitan 10/2015 30.00
42%
Bayer Leverkusen ST 25 Lucas Alario 10/2017 20.00
40%
Lazio DM 30 Lucas Biglia 07/2016 20.00
40%
Juventus CM 24 Roberto Pereyra 06/2015 17.00
36%
Monaco SS 22 Javier Saviola 10/2004 20.00
35%
Bournemouth CB 26 Marcos Senesi 06/2023 22.00
35%
Everton CB 25 Ramiro Funes Mori 07/2016 12.00
35%
Udinese GK 26 Juan Musso 08/2020 20.00
33%
Valencia AM 24 Pablo Aimar 10/2004 25.00
33%
Lens CB 24 Facundo Medina 06/2023 22.00
31%
Roma CB 31 Federico Fazio 06/2018 13.00
31%
Nantes ST 28 Emiliano Sala 12/2018 16.00
29%
Nice GK 29 Walter Benitez 05/2022 14.00
29%
Boca Juniors LW 22 Cristian Pavon 05/2018 20.00
27%
Roma LW 29 Diego Perotti 12/2017 20.00
27%
Rubin Kazan AM 28 Alejandro Dominguez 12/2009 14.00
25%
Brighton & Hove Albion AM 18 Facundo Buonanotte 06/2023 12.00
25%
Velez Sarsfield CM 21 Nicolas Dominguez 12/2019 17.50
25%
Benfica RW 24 Eduardo Salvio 06/2015 22.00
24%
Atlanta United LW 21 Esequiel Barco 08/2020 10.50
24%
Fiorentina CB 27 German Pezzella 12/2018 20.00
24%
Atalanta CB 29 Jose Luis Palomino 06/2019 10.00
24%
Boca Juniors ST 28 Dario Benedetto 12/2018 15.00
22%
Borussia Dortmund CB 20 Leonardo Balerdi 03/2019 15.00
22%
Manchester City DM 20 Maximo Perrone 03/2023 10.00
22%
Stuttgart DM 21 Santiago Ascacibar 08/2018 25.00
22%
Southampton CM 20 Carlos Alcaraz 06/2023 15.00
20%
Wolfsburg AM 23 Andres D'Alessandro 10/2004 11.00
18%
Benfica LW 24 Franco Cervi 06/2018 18.00
18%
Zenit AM 23 Sebastian Driussi 06/2019 16.00
18%
Villarreal ST 21 Luciano Vietto 06/2015 20.00
16%
Cadiz GK 29 Conan Ledesma 11/2022 10.00
15%
Deportivo La Coruna CB 26 Fabricio Coloccini 07/2008 10.00
15%
Sevilla AM 27 Franco Vazquez 10/2016 18.00
15%
Girona ST 24 Taty Castellanos 06/2023 15.00
15%
Osasuna ST 25 Chimy Avila 12/2019 15.00
13%
Rubin Kazan LB 24 Cristian Ansaldi 07/2011 12.00
13%
Southampton ST 26 Guido Carrillo 03/2018 18.00
13%
River Plate AM 28 Marcelo Gallardo 10/2004 10.00
13%
Villarreal CB 26 Mateo Musacchio 06/2017 18.00
13%
Anderlecht ST 23 Matias Suarez 04/2012 10.00
13%
Independiente RW 25 Maximiliano Meza 07/2018 14.00
13%
Valencia CM 27 Tino Costa 09/2012 10.00
13%
Bordeaux ST 25 Fernando Cavenaghi 05/2009 14.00
11%
Estudiantes CM 21 Jose Sosa 03/2007 10.00
11%
River Plate ST 22 Lucas Beltran 07/2023 12.00
11%
Lazio ST 22 Mauro Zarate 01/2010 17.50
11%
Zenit CB 22 Emanuel Mammana 06/2018 12.00
9%
Elche ST 26 Lucas Boye 03/2022 15.00
9%
Deportivo La Coruna DM 25 Aldo Duscher 10/2004 15.00
7%
Colon AM 19 Facundo Farias 10/2021 13.00
7%
Sao Paulo ST 22 Jonathan Calleri 05/2016 10.00
7%
Velez Sarsfield LW 21 Matias Vargas 12/2018 11.00
7%
Sporting CP DM 27 Rodrigo Battaglia 10/2018 10.00
7%
Boca Juniors DM 21 Alan Varela 10/2022 10.00
5%
Sporting CP CB 23 Emiliano Insua 07/2012 10.00
5%
Boca Juniors GK 28 Esteban Andrada 12/2019 10.00
5%
Sevilla DM 27 Guido Pizarro 12/2017 15.00
5%
Racing Club AM 21 Matias Zaracho 08/2019 17.50
5%
Lanus RW 18 Pedro de la Vega 05/2019 10.00
5%
San Lorenzo ST 20 Adolfo Gaich 12/2019 12.00
4%
Boca Juniors CM 19 Agustin Almendra 05/2019 15.00
4%
Banfield LW 19 Agustin Urzi 08/2019 10.00
4%
Independiente LW 18 Alan Velasco 02/2021 12.00
4%
Minnesota United AM 25 Emanuel Reynoso 12/2020 10.00
4%
Udinese RW 23 Ignacio Pussetto 06/2019 10.00
4%
Villarreal DM 21 Santiago Caseres 07/2018 10.00
4%
Empoli CM 26 Sergio Almiron 06/2007 11.00
4%
River Plate CM 19 Cristian Ferreira 05/2019 12.50
2%
Independiente RB 22 Fabricio Bustos 12/2018 12.50
2%
River Plate RB 24 Paulo Ferrari 02/2006 10.00
2%
Argentinos Juniors DM 20 Fausto Vera 02/2021 11.00
0%
No matching quizzes found
Score Distribution
Percent of People with Each Score
Percentile by Number Answered
Your Score History
You have not taken this quiz